| 000 | 01401nam a2200301 i 4500 | ||
|---|---|---|---|
| 003 | DO-SdBNP | ||
| 005 | 20251006084254.0 | ||
| 007 | ta | ||
| 008 | 230922b2023 dr ||||| |||| 00| 0 spa d | ||
| 020 | _a9789945648089 | ||
| 040 |
_aDO-SdBNP _bspa _cBNPHU _erda |
||
| 041 | _aspa | ||
| 082 | 4 |
_axxx _bxxx _222 |
|
| 100 |
_aMoringlane, Eduardo, _eautor _4aut. _984255 |
||
| 245 | 1 | 0 |
_aHacia una nueva visión de la ética política el Siglo XXI / _cGuillermo Moringlane, Eduardo Guzmán ; prólogo, Francisco Antonio Peña Guaba |
| 264 | 1 |
_aSanto Domingo : _bEditorial Santuario, _c2023. |
|
| 300 |
_avolumen ; _c23 cm. |
||
| 336 |
_atexto _btxt _2rdacontent |
||
| 337 |
_asin mediación _bn _2rdamedia |
||
| 338 |
_avolumen _bnc _2rdacarrier |
||
| 500 | _aIncluye datos biográficos de los autores en las solapas | ||
| 500 | _aLa biblioteca posee el tomo 1 | ||
| 505 |
_av- 1-- _tConociendo la ética política-- _tPrólogo-- _tIntroducción-- _tPresentación _gCapítulo 1-- _tConceptualización y terminologías-- _gCapítulo 2-- _tLa buena política en el siglo xxi-- _gCapítulo 3-- _tDiálisis política-- _gCapítulo 4-- _tLa clase política y su rol ético-- _gCapítulo 5-- _tEstrategia para cultivar el bien común-- _tBibliografía-- _tSobre los autores. |
||
| 590 | _aInventariado, 2023/BT | ||
| 700 | 1 |
_aJosé Francisco Peña Guaba, _eprologuista _4pr. _984256 |
|
| 910 | _aBtavárez | ||
| 942 |
_2ddc _cLBS1 |
||
| 999 |
_c54902 _d54902 |
||